| 000 | 01960nam a2200313 i 4500 | ||
|---|---|---|---|
| 001 | 193544 | ||
| 003 | ES-MaACL | ||
| 005 | 20250708203222.0 | ||
| 007 | ta | ||
| 008 | 240105s2010 it |||||| ||||| |sp |c | ||
| 020 | _a9788846726933 | ||
| 040 | _cES-MaACL | ||
| 100 | 0 |
_aHernando de Larramendi, Margarita _963104 |
|
| 245 | 1 | 2 |
_aL'esultanza della serenità (soggiorno pisano) / _cMargarita Hernando de Larramendi ; con un prologo di Giulia Poggi. |
| 260 |
_aPisa : _bETS, _c2010. |
||
| 300 |
_aXI, 127 páginas ; _c21 cm |
||
| 490 | 1 |
_aHesperiae ; _v3 |
|
| 500 | _aTexto paralelo castellano e italiano. | ||
| 520 | _aAlaridos del gozo de pie en la bicicleta (a toda velocidad por todo Borgo Stretto mi alegrìa va) Fra le varie correnti che animano il panorama della recente e recentissima poesia spagnola, uno spazio particolare occupa il cosiddetto venecianismo. Si tratta di una fascinazione del vicino, che affonda le sue radici in un passato lontano, e che si riacutizza ogniqualvolta si intensificano le occasioni di dialogo e di scambio fra i due paesi. È il caso, questo, della madrilena Margarita Hernando de Larramendi che, lettrice di lingua spagnola presso l’università pisana per buona parte degli Ottanta e Novanta, ha voluto ricordare il suo lungo soggiorno attraverso una raccolta di poesie da lei stessa tradotte. (dal prologo di Giulia Poggi) | ||
| 700 |
_aPoggi, Giulia, _d1946- _9234846 _eaui |
||
| 830 |
_aHesperiae _9235136 |
||
| 852 |
_aES-MaACL _bR.154818 _cDEPOJ _jN-9696 _hDonación: Margarita Herando de Larramendi _9201301 _xEncuadernación rústica con solapas |
||
| 903 |
_963104 _aHernando de Larramendi, Margarita _ednr |
||
| 942 |
_cMONOGRAFIA _n0 |
||
| 999 |
_c193544 _d193544 |
||